Amor y responsabilidad (Record no. 85727)

MARC details
000 -LEADER
campo de control de longitud fija 00799nam a2200229 i 4500
001 - NÚMERO DE CONTROL
campo de control 85727
003 - IDENTIFICADOR DE NÚMERO DE CONTROL
campo de control ES-MaACL
005 - FECHA Y HORA DE LA ÚLTIMA TRANSACCIÓN
campo de control 20251108165304.0
007 - CAMPO FIJO DE DESCRIPCIÓN FÍSICA--INFORMACIÓN GENERAL
campo de control de longitud fija t|
008 - DATOS DE LONGITUD FIJA--INFORMACIÓN GENERAL
campo de control de longitud fija 041130s1978 sp ||||1| spa d
100 0# - ENTRADA PRINCIPAL--NOMBRE DE PERSONA
Nombre de persona Juan Pablo
Numeración II
Títulos y otros términos asociados al nombre Papa, Santo.
9 (RLIN) 162513
245 10 - MENCIÓN DEL TÍTULO
Título Amor y responsabilidad
Resto del título : estudio de moral sexual /
Mención de responsabilidad, etc. Cardenal Karol Wojtyla ; prefacio de Henri de Lubac ; [traducción, Juan Antonio Segarra].
250 ## - MENCION DE EDICION
Mención de edición 2ª ed.
260 ## - PUBLICACIÓN, DISTRIBUCIÓN, ETC.
Lugar de publicación, distribución, etc. Madrid :
Nombre del editor, distribuidor, etc. Razón y Fé,
Fecha de publicación, distribución, etc. 1978.
300 ## - DESCRIPCIÓN FÍSICA
Extensión 347 p. ;
Dimensiones 19 cm.
650 #7 - PUNTO DE ACCESO ADICIONAL DE MATERIA--TÉRMINO DE MATERIA
Término de materia o nombre geográfico como elemento de entrada Ética sexual
Fuente del encabezamiento o término embne
9 (RLIN) 12591
650 04 - PUNTO DE ACCESO ADICIONAL DE MATERIA--TÉRMINO DE MATERIA
Término de materia o nombre geográfico como elemento de entrada Sexualidad-
Subdivisión general Aspectos religiosos.
9 (RLIN) 17079
700 1# - ENTRADA AGREGADA--NOMBRE PERSONAL
Nombre de persona Lubac, Henri de,
Fechas asociadas al nombre 1896-1991
9 (RLIN) 74490
700 1# - ENTRADA AGREGADA--NOMBRE PERSONAL
Nombre de persona Segarra, Juan Antonio.
9 (RLIN) 105122
852 ## - LOCALIZACIÓN
Ubicación ES-MaACL
Número de control de estantería A-9322
Sublocalización o colección R.98389
Holdings
Estatus retirado Estado de pérdida Estado de daño No para préstamo Biblioteca de origen Biblioteca actual Ubicación en estantería Fecha de adquisición Fuente de adquisición Total de préstamos Signatura topográfica completa Código de barras Visto por última vez Precio de reemplazo Tipo de ítem Koha
        Biblioteca del Ateneo de Madrid Biblioteca del Ateneo de Madrid Depósito 1 17/01/2008     A-9322 1089577 23/02/2023 23/02/2023 Libro impreso